[Event "Zonal 2.4 Brasil 2011"]
[Site "Rio de Janeiro BRA"]
[Date "2011.06.25"]
[Round "8.24"]
[White "Rodrigues, Nei Jorge"]
[Black "Souza, Marcos Valerio A"]
[Result "1-0"]
[WhiteElo "2029"]
[BlackElo "2097"]
[PlyCount "91"]
[EventDate "2011.06.18"]
[EventType "swiss"]
[EventRounds "9"]
[EventCountry "BRA"]
[Source "lmi"]
[SourceDate "2011.06.18"]

1. c4 Nf6 2. g3 g6 3. Bg2 Bg7 4. Nf3 O-O 5. Nc3 d6 6. O-O Nbd7 7. d3 c6 8. Qc2
e5 9. b4 Qc7 10. Bb2 Re8 11. Rac1 Nf8 12. a3 Bf5 13. Nh4 Bd7 14. e3 Ne6 15. Nf3
Ng4 16. Qe2 f5 17. h3 Nh6 18. Qd2 f4 19. exf4 exf4 20. Nd5 Qd8 21. Bxg7 Nxg7
22. Nxf4 Nf7 23. d4 Qf6 24. Kh2 Bf5 25. Rc3 Be4 26. d5 c5 27. h4 h6 28. bxc5
dxc5 29. Rb3 b6 30. Re1 g5 31. hxg5 hxg5 32. Ne6 Bxf3 33. Rxf3 Qh6+ 34. Kg1 Nd6
35. g4 Qg6 36. Qc3 Re7 37. Rf6 Qh7 38. Qe5 Nf7 39. Qg3 Rae8 40. Be4 Qh4 41. Bg6
Qxg3+ 42. fxg3 Rb8 43. Ref1 Nxe6 44. Rxf7 Nf8 45. Bh7+ Nxh7 46. Rxe7 1-0

[Event "Zonal 2.4 Brasil 2011"]
[Site "Rio de Janeiro BRA"]
[Date "2011.06.25"]
[Round "8.25"]
[White "Ferreira, Jose Carlos"]
[Black "Pereira, Celio Antunes"]
[Result "0-1"]
[WhiteElo "1960"]
[BlackElo "2039"]
[PlyCount "72"]
[EventDate "2011.06.18"]
[EventType "swiss"]
[EventRounds "9"]
[EventCountry "BRA"]
[Source "lmi"]
[SourceDate "2011.06.18"]

1. e4 c5 2. Nf3 e6 3. Nc3 a6 4. d3 Nc6 5. g3 d6 6. Bg2 g6 7. O-O Bg7 8. Be3
Nge7 9. Rb1 O-O 10. Qd2 Nd4 11. Ne2 Nxe2+ 12. Qxe2 Qc7 13. Qd2 e5 14. Ne1 f5
15. f4 Bd7 16. fxe5 dxe5 17. Bg5 Rae8 18. Bh6 Bc6 19. Bxg7 Kxg7 20. Qc3 Qd6 21.
Rd1 fxe4 22. Rxf8 Rxf8 23. Rd2 e3 24. Re2 Qf6 25. Nf3 Bxf3 26. Bxf3 Qxf3 27.
Qxe5+ Kh6 28. Qxe3+ Qxe3+ 29. Rxe3 Nc6 30. c3 Rf5 31. a3 a5 32. Kg2 Kg5 33. h3
h5 34. Re6 Rd5 35. h4+ Kf5 36. Re8 Rxd3 0-1

[Event "Zonal 2.4 Brasil 2011"]
[Site "Rio de Janeiro BRA"]
[Date "2011.06.26"]
[Round "9.2"]
[White "Barbosa, Evandro Amorim"]
[Black "Cordova, Emilio"]
[Result "1/2-1/2"]
[WhiteElo "2343"]
[BlackElo "2561"]
[PlyCount "97"]
[EventDate "2011.06.18"]
[EventType "swiss"]
[EventRounds "9"]
[EventCountry "BRA"]
[Source "lmi"]
[SourceDate "2011.06.18"]

1. e4 d6 2. d4 g6 3. Nc3 Bg7 4. f4 Nf6 5. Nf3 c5 6. Bb5+ Bd7 7. Bxd7+ Nfxd7 8.
d5 O-O 9. O-O Na6 10. Kh1 Qb6 11. Qe1 Nb4 12. Qf2 Bd4 13. Qe2 Qa6 14. Re1 Qxe2
15. Rxe2 Bg7 16. Be3 Nb6 17. a3 Na6 18. Nd2 f5 19. Rd1 Nc7 20. g3 Rae8 21. Bf2
Bxc3 22. bxc3 Na4 23. Re3 b5 24. c4 fxe4 25. Rde1 bxc4 26. Nxc4 Nxd5 27. Rxe4
Nac3 28. Re6 Kf7 29. Rxd6 Nb6 30. Ne5+ Kg8 31. Rc6 g5 32. Bxc5 Nca4 33. Be3
gxf4 34. Bxf4 Nd5 35. Bh6 Rf6 36. Re4 Rxc6 37. Nxc6 Nac3 38. Re1 Kf7 39. Nxa7
Ra8 40. Nc6 Rxa3 41. Bg5 Ra2 42. Nxe7 Rxc2 43. Rf1+ Ke6 44. Nxd5 Nxd5 45. g4
Nc3 46. Re1+ Kd5 47. Bh4 Ne2 48. Bg3 Nxg3+ 49. hxg3 1/2-1/2

[Event "Zonal 2.4 Brasil 2011"]
[Site "Rio de Janeiro BRA"]
[Date "2011.06.26"]
[Round "9.3"]
[White "Matsuura, Everaldo"]
[Black "Toth, Christian Endre"]
[Result "1/2-1/2"]
[WhiteElo "2480"]
[BlackElo "2366"]
[PlyCount "53"]
[EventDate "2011.06.18"]
[EventType "swiss"]
[EventRounds "9"]
[EventCountry "BRA"]
[Source "lmi"]
[SourceDate "2011.06.18"]

1. d4 e6 2. c4 f5 3. g3 Nf6 4. Bg2 Be7 5. Nf3 d6 6. O-O O-O 7. Nc3 Qe8 8. Qc2
a5 9. e4 fxe4 10. Nxe4 Nc6 11. Re1 Qh5 12. Nxf6+ Bxf6 13. Be3 e5 14. dxe5 Bxe5
15. Nxe5 Nxe5 16. Bf4 Ng6 17. Be3 Ne5 18. Bf4 Ng6 19. Be3 Bg4 20. Bd4 c6 21.
Re3 Rf7 22. Rae1 Raf8 23. f4 Bh3 24. Bf3 Bg4 25. Bg2 Bh3 26. Bf3 Bg4 27. Bg2
1/2-1/2

[Event "Zonal 2.4 Brasil 2011"]
[Site "Rio de Janeiro BRA"]
[Date "2011.06.26"]
[Round "9.4"]
[White "Di Berardino, Diego Rafael"]
[Black "Aranha Filho, Alvaro Z"]
[Result "1-0"]
[WhiteElo "2480"]
[BlackElo "2302"]
[PlyCount "85"]
[EventDate "2011.06.18"]
[EventType "swiss"]
[EventRounds "9"]
[EventCountry "BRA"]
[Source "lmi"]
[SourceDate "2011.06.18"]

1. d4 Nf6 2. c4 e6 3. Nc3 Bb4 4. e3 O-O 5. Bd3 d5 6. Nf3 c5 7. O-O Nc6 8. a3
Bxc3 9. bxc3 dxc4 10. Bxc4 Qc7 11. Bd3 e5 12. Qc2 Bg4 13. Nxe5 Nxe5 14. dxe5
Qxe5 15. f3 Be6 16. e4 Rfd8 17. Rb1 b6 18. f4 Qd6 19. Be2 c4 20. Be3 Qxa3 21.
e5 Ng4 22. Bxg4 Bxg4 23. f5 Rd3 24. Bd4 g6 25. e6 Bxf5 26. exf7+ Kf8 27. Qf2
Qd6 28. Qh4 h5 29. Rbe1 Rxd4 30. cxd4 Rd8 31. Kh1 Kxf7 32. d5 Qf6 33. Qxc4 Kg7
34. Re6 Bxe6 35. Rxf6 Kxf6 36. Qd4+ Ke7 37. Qh4+ Ke8 38. Qe4 Rd6 39. Qxg6+ Kd7
40. dxe6+ Rxe6 41. Qf5 Kd6 42. h4 a5 43. Qxh5 1-0

[Event "Zonal 2.4 Brasil 2011"]
[Site "Rio de Janeiro BRA"]
[Date "2011.06.26"]
[Round "9.5"]
[White "El Debs, Felipe De Cresce"]
[Black "Madeira, Wagner Martins"]
[Result "1-0"]
[WhiteElo "2497"]
[BlackElo "2210"]
[PlyCount "93"]
[EventDate "2011.06.18"]
[EventType "swiss"]
[EventRounds "9"]
[EventCountry "BRA"]
[Source "lmi"]
[SourceDate "2011.06.18"]

1. Nf3 Nf6 2. c4 g6 3. Nc3 Bg7 4. e4 d6 5. d4 O-O 6. Be2 Bg4 7. Be3 Nfd7 8. Ng1
Bxe2 9. Ngxe2 c5 10. O-O cxd4 11. Nxd4 Nc6 12. b3 Nxd4 13. Bxd4 Bxd4 14. Qxd4
Qb6 15. Qxb6 Nxb6 16. Rad1 Rac8 17. Nd5 Nxd5 18. Rxd5 Rc7 19. Rfd1 Rfc8 20. e5
dxe5 21. Rxe5 e6 22. f4 h5 23. Kf2 Kf8 24. Rd4 Ke7 25. Ke2 Rd7 26. Ree4 Rxd4
27. Rxd4 a5 28. Kd3 Rc5 29. a3 b6 30. b4 axb4 31. axb4 Rc7 32. Kc3 f6 33. Rd2
g5 34. fxg5 fxg5 35. Ra2 Kf6 36. c5 bxc5 37. b5 Ke7 38. b6 Rc8 39. Kc4 Kd7 40.
Kb5 Rf8 41. b7 Rf1 42. b8=N+ Kd6 43. Rd2+ Ke5 44. Nd7+ Kf5 45. Nxc5 e5 46. Re2
Rd1 47. Kc4 1-0

[Event "Zonal 2.4 Brasil 2011"]
[Site "Rio de Janeiro BRA"]
[Date "2011.06.26"]
[Round "9.6"]
[White "Mascarenhas, Alberto Pinheiro"]
[Black "Bittencourt, Jorge"]
[Result "1/2-1/2"]
[WhiteElo "2240"]
[BlackElo "2446"]
[PlyCount "220"]
[EventDate "2011.06.18"]
[EventType "swiss"]
[EventRounds "9"]
[EventCountry "BRA"]
[Source "lmi"]
[SourceDate "2011.06.18"]

1. d4 Nf6 2. Nf3 e6 3. c4 b6 4. g3 Bb7 5. Bg2 Bb4+ 6. Bd2 c5 7. O-O O-O 8. Nc3
cxd4 9. Nxd4 Bxg2 10. Kxg2 Qc8 11. Qb3 Bc5 12. Nf3 Qb7 13. Bg5 Be7 14. Rfd1 Na6
15. Kg1 Rfd8 16. Rac1 h6 17. Bf4 Nc5 18. Qc2 Rac8 19. Qb1 d6 20. b4 Nce4 21.
Nxe4 Nxe4 22. Qb3 a6 23. a4 d5 24. cxd5 Rxc1 25. Rxc1 Qxd5 26. Qxd5 Rxd5 27.
Rc8+ Rd8 28. Rc4 Rd1+ 29. Kg2 Nf6 30. Rc8+ Rd8 31. Rxd8+ Bxd8 32. b5 axb5 33.
axb5 Nd5 34. Be5 f6 35. Bd4 e5 36. e4 Ne7 37. Be3 Nc8 38. Nd2 Nd6 39. f4 exf4
40. gxf4 Nxb5 41. Nc4 Nc3 42. Bxb6 Bxb6 43. Nxb6 Nxe4 44. Kf3 Nd6 45. Nd5 Kf7
46. Ne3 Ke6 47. Kg4 g6 48. Kf3 Nf5 49. Ng4 h5 50. Nf2 Nd6 51. Nd3 Kd5 52. Nb4+
Kc5 53. Na6+ Kc6 54. Nb8+ Kd5 55. Nd7 Ke6 56. Nc5+ Kf5 57. Nb3 Nb5 58. h3 Ke6
59. Nc5+ Kd6 60. Ne4+ Ke7 61. Nc5 Nc3 62. Nb7 Kd7 63. Ke3 Ke6 64. Kf3 Kd5 65.
Nd8 Nb5 66. Ke3 Nd4 67. Nb7 Nb3 68. Nd8 Nc5 69. Nf7 Ke6 70. Nd8+ Kd7 71. Nf7
Ke6 72. Nd8+ Kd5 73. Nf7 Ne6 74. Nh8 Nf8 75. Nf7 Ke6 76. Nd8+ Kd6 77. Nb7+ Kd5
78. Kf3 Ne6 79. Na5 Nc5 80. Ke3 Ne6 81. Kf3 Nd4+ 82. Ke3 Nf5+ 83. Kf3 Ne7 84.
Nb7 Nc6 85. Ke3 Ne7 86. Na5 Nf5+ 87. Kf3 Nd6 88. Nb3 Kc4 89. Na5+ Kb5 90. Nb3
Kc4 91. Na5+ Kd3 92. Nc6 Nf5 93. Nb4+ Kc4 94. Na6 Kd4 95. Nb4 Ne7 96. Nc2+ Kc3
97. Na3 Kd3 98. Nb5 Nf5 99. Nc7 Nd4+ 100. Kg3 Ke4 101. Ne8 Ne2+ 102. Kf2 Nxf4
103. Nxf6+ Kf5 104. Kg3 Ne2+ 105. Kf2 Kxf6 106. Kxe2 Ke5 107. Ke3 h4 108. Kf3
g5 109. Ke3 Kf6 110. Kf2 Kf5 1/2-1/2

[Event "Zonal 2.4 Brasil 2011"]
[Site "Rio de Janeiro BRA"]
[Date "2011.06.26"]
[Round "9.7"]
[White "Macedo, Maximo Iack"]
[Black "Quintiliano Pinto, Renato R"]
[Result "1/2-1/2"]
[WhiteElo "2314"]
[BlackElo "2259"]
[PlyCount "100"]
[EventDate "2011.06.18"]
[EventType "swiss"]
[EventRounds "9"]
[EventCountry "BRA"]
[Source "lmi"]
[SourceDate "2011.06.18"]

1. d4 Nf6 2. Nf3 g6 3. Bf4 d6 4. h3 Bg7 5. e3 O-O 6. Be2 c5 7. c3 b6 8. O-O Bb7
9. a4 a6 10. Nbd2 Nbd7 11. Bh2 Re8 12. Qb3 Rc8 13. Rfd1 cxd4 14. cxd4 h6 15.
Bc4 d5 16. Be2 e6 17. Rac1 Bf8 18. Bf4 Qe7 19. Ne5 Nxe5 20. Bxe5 Nd7 21. Bf4
Kh7 22. Nf3 f6 23. Bg3 e5 24. Bf1 e4 25. Nd2 Qb4 26. Qxb4 Bxb4 27. Nb3 Kg7 28.
Rxc8 Rxc8 29. Rc1 Rxc1 30. Nxc1 Kf7 31. Bc7 Ke6 32. Be2 Bd6 33. Bxd6 Kxd6 34.
b4 f5 35. g4 fxg4 36. hxg4 Nf6 37. Kg2 a5 38. bxa5 bxa5 39. Nb3 Bc6 40. Nxa5
Bxa4 41. Nb7+ Ke7 42. Nc5 Bc6 43. Kg3 g5 44. f3 exf3 45. Kxf3 Be8 46. Bd3 h5
47. gxh5 Bxh5+ 48. Kg3 Kf7 49. e4 dxe4 50. Nxe4 Nxe4+ 1/2-1/2

[Event "Zonal 2.4 Brasil 2011"]
[Site "Rio de Janeiro BRA"]
[Date "2011.06.26"]
[Round "9.8"]
[White "Teixeira, Ricardo Da Silva"]
[Black "Dias, Simao Poscidonio"]
[Result "0-1"]
[WhiteElo "2292"]
[BlackElo "2029"]
[PlyCount "68"]
[EventDate "2011.06.18"]
[EventType "swiss"]
[EventRounds "9"]
[EventCountry "BRA"]
[Source "lmi"]
[SourceDate "2011.06.18"]

1. d4 d5 2. Nf3 Nf6 3. e3 e6 4. Bd3 c5 5. b3 Nc6 6. Bb2 Bd6 7. Nbd2 O-O 8. a3
b6 9. Ne5 Bb7 10. f4 Na5 11. O-O Rc8 12. c4 cxd4 13. exd4 dxc4 14. bxc4 Qe7 15.
Qe2 Rfd8 16. Kh1 g6 17. Kg1 Qc7 18. Rae1 Bf8 19. Ndf3 Bxf3 20. Rxf3 Nc6 21.
Nxc6 Qxc6 22. f5 exf5 23. d5 Qd6 24. h3 Re8 25. Qf1 Rxe1 26. Qxe1 Qc5+ 27. Kh1
Re8 28. Qg1 Ne4 29. Qxc5 Bxc5 30. Bc1 Nf2+ 31. Kh2 Nxd3 32. Rxd3 Bd6+ 33. Rg3
Re1 34. Bh6 Ra1 0-1

[Event "Zonal 2.4 Brasil 2011"]
[Site "Rio de Janeiro BRA"]
[Date "2011.06.26"]
[Round "9.9"]
[White "Zambrana, Oswaldo"]
[Black "Condori, Edwin"]
[Result "1-0"]
[WhiteElo "2514"]
[BlackElo "2159"]
[PlyCount "71"]
[EventDate "2011.06.18"]
[EventType "swiss"]
[EventRounds "9"]
[EventCountry "BRA"]
[Source "lmi"]
[SourceDate "2011.06.18"]

1. e4 c6 2. d4 d5 3. Nc3 dxe4 4. Nxe4 Nd7 5. Ng5 Ngf6 6. Bd3 e6 7. N1f3 Bd6 8.
Qe2 h6 9. Ne4 Nxe4 10. Qxe4 Qc7 11. Qg4 Kf8 12. O-O b6 13. b3 Bb7 14. Bb2 Nf6
15. Qh3 Nd5 16. g3 Nb4 17. Be4 f5 18. Nh4 Qf7 19. f3 Kg8 20. Nxf5 exf5 21. Bxf5
Re8 22. Rae1 Kf8 23. a3 Nd5 24. Be6 Qg6 25. c4 Nf6 26. Bd7 Rd8 27. Be6 Re8 28.
Re2 Bc8 29. Kh1 Bxe6 30. Rxe6 Rd8 31. Rfe1 Kg8 32. d5 cxd5 33. Bxf6 gxf6 34.
Rxd6 Rxd6 35. Qc8+ Kf7 36. Qc7+ 1-0

[Event "Zonal 2.4 Brasil 2011"]
[Site "Rio de Janeiro BRA"]
[Date "2011.06.26"]
[Round "9.10"]
[White "Cuellar, Diego"]
[Black "Espinoza, Palomino Willyam"]
[Result "1/2-1/2"]
[WhiteElo "2124"]
[BlackElo "2295"]
[PlyCount "39"]
[EventDate "2011.06.18"]
[EventType "swiss"]
[EventRounds "9"]
[EventCountry "BRA"]
[Source "lmi"]
[SourceDate "2011.06.18"]

1. e4 e5 2. Nf3 Nc6 3. d4 exd4 4. Nxd4 Nf6 5. Nxc6 bxc6 6. e5 Qe7 7. Qe2 Nd5 8.
c4 Ba6 9. b3 g6 10. g3 Bg7 11. Bb2 O-O 12. Bg2 Rae8 13. O-O Bxe5 14. Qxe5 Qxe5
15. Bxe5 Rxe5 16. cxd5 Bxf1 17. Kxf1 cxd5 18. Nc3 c6 19. Rd1 Rfe8 20. Bf3
1/2-1/2

[Event "Zonal 2.4 Brasil 2011"]
[Site "Rio de Janeiro BRA"]
[Date "2011.06.26"]
[Round "9.12"]
[White "Ferreira, Kleber Victor"]
[Black "Brito, Luismar"]
[Result "0-1"]
[WhiteElo "2099"]
[BlackElo "2277"]
[PlyCount "63"]
[EventDate "2011.06.18"]
[EventType "swiss"]
[EventRounds "9"]
[EventCountry "BRA"]
[Source "lmi"]
[SourceDate "2011.06.18"]

1. e4 c5 2. Nc3 d6 3. f4 g6 4. Nf3 Bg7 5. Bb5+ Bd7 6. Bc4 Nc6 7. a4 Nd4 8. O-O
e6 9. d3 Ne7 10. f5 gxf5 11. Ng5 h5 12. Be3 Bc6 13. Ne2 d5 14. Ba2 dxe4 15.
dxe4 Bxe4 16. Nxe4 fxe4 17. Bg5 Ndf5 18. Qe1 Qc7 19. Nc3 Bxc3 20. bxc3 Qc6 21.
Bc4 a6 22. Rb1 Rg8 23. Bf6 Nd5 24. Bxd5 Qxd5 25. c4 Qxc4 26. Rxb7 Rg6 27. Bb2
Qd5 28. Rb3 h4 29. Qe2 c4 30. Rh3 Rd8 31. Kh1 e3 32. Rxf5 0-1

[Event "Zonal 2.4 Brasil 2011"]
[Site "Rio de Janeiro BRA"]
[Date "2011.06.26"]
[Round "9.13"]
[White "Guimaraes, Wagner Peixoto"]
[Black "Palacios, Efrain"]
[Result "1/2-1/2"]
[WhiteElo "2277"]
[BlackElo "2176"]
[PlyCount "214"]
[EventDate "2011.06.18"]
[EventType "swiss"]
[EventRounds "9"]
[EventCountry "BRA"]
[Source "lmi"]
[SourceDate "2011.06.18"]

1. e4 c5 2. Nf3 e6 3. c3 d5 4. exd5 Qxd5 5. d4 Nf6 6. Na3 Nc6 7. Nb5 Qd8 8.
dxc5 Bxc5 9. Qxd8+ Kxd8 10. Bg5 a6 11. O-O-O+ Ke7 12. Nbd4 Nxd4 13. Nxd4 h6 14.
Be3 Bd6 15. h3 Nd5 16. Bd2 Bc5 17. Be1 Bd7 18. Nb3 Bd6 19. c4 Nf6 20. Bc3 Bc6
21. f3 Rac8 22. Kb1 Rhd8 23. Bd3 Kf8 24. Bc2 Bc7 25. Nd4 Be8 26. g4 Bb6 27. Bb3
a5 28. a3 a4 29. Ba2 Kg8 30. h4 Nh7 31. Rhe1 Bc5 32. f4 Nf8 33. f5 exf5 34.
Nxf5 Ne6 35. Rxd8 Rxd8 36. Kc1 Bf8 37. Ne3 Nf4 38. Bb1 Bc6 39. g5 h5 40. Bc2 g6
41. Be5 Ne6 42. Bf6 Rd7 43. Nd5 b5 44. Nc3 bxc4 45. Bxg6 fxg6 46. Rxe6 Rd6 47.
Re1 Rd3 48. Ne4 Rh3 49. Bc3 Rf3 50. Nd2 Rd3 51. Nxc4 Bb5 52. Re4 Rf3 53. Ne5
Rf1+ 54. Re1 Rxe1+ 55. Bxe1 Be8 56. Bc3 Bd6 57. Kd2 Bxe5 58. Bxe5 Bf7 59. Ke3
Bb3 60. Kf4 Kf7 61. Bc3 Bc2 62. Ke5 Bb3 63. Bb4 Bc2 64. Bc5 Bb3 65. Bf2 Bc2 66.
Be1 Bb3 67. Bd2 Bc2 68. Be3 Bb3 69. Ba7 Bc2 70. Bb8 Bb3 71. Bd6 Bc2 72. Bb4 Bb3
73. Bc5 Bc2 74. Bg1 Bb3 75. Bd4 Bc2 76. Bc3 Bb3 77. Ba5 Bc2 78. Be1 Bb3 79. Bg3
Bc2 80. Kd6 Bb3 81. Be1 Bc2 82. Bd2 Bb3 83. Be3 Bc2 84. Bd4 Bb3 85. Bc3 Bc2 86.
Ba5 Bb3 87. Bd8 Bc2 88. Ke5 Ke8 89. Ba5 Kd7 90. Bc3 Kc6 91. Bd4 Kb5 92. Kd5
Bb3+ 93. Ke5 Bc2 94. Bc3 Kc4 95. Bd4 Kb3 96. Kf4 Bb1 97. Bf6 Bc2 98. Bh8 Bb1
99. Bg7 Bc2 100. Kg3 Bb1 101. Bf6 Bc2 102. Kf3 Bb1 103. Ke3 Bc2 104. Kf4 Bb1
105. Kf3 Bc2 106. Kg3 Bb1 107. Kf3 Bc2 1/2-1/2

[Event "Zonal 2.4 Brasil 2011"]
[Site "Rio de Janeiro BRA"]
[Date "2011.06.26"]
[Round "9.14"]
[White "Santiago, Yago De Moura"]
[Black "Borda, Alan"]
[Result "1/2-1/2"]
[WhiteElo "2238"]
[BlackElo "2151"]
[PlyCount "71"]
[EventDate "2011.06.18"]
[EventType "swiss"]
[EventRounds "9"]
[EventCountry "BRA"]
[Source "lmi"]
[SourceDate "2011.06.18"]

1. Nf3 Nf6 2. c4 c6 3. Nc3 d5 4. e3 e6 5. b3 g6 6. Bb2 Bg7 7. Be2 O-O 8. O-O b6
9. d4 Bb7 10. Qc2 Nbd7 11. Rfd1 Qc7 12. Rac1 Rac8 13. e4 dxe4 14. Nxe4 Nxe4 15.
Qxe4 c5 16. Qh4 Bxf3 17. Bxf3 Rfd8 18. Ba1 Bf6 19. Qg3 Qxg3 20. hxg3 Bxd4 21.
Bxd4 cxd4 22. Rxd4 Ne5 23. Rcd1 Nxf3+ 24. gxf3 Rxd4 25. Rxd4 Rc7 26. Rd8+ Kg7
27. Kf1 h5 28. f4 Kf6 29. Ke2 Ke7 30. Ra8 Kf6 31. Kd3 Kf5 32. Ke3 f6 33. Rf8 e5
34. fxe5 Kxe5 35. Rd8 Rh7 36. Rd5+ 1/2-1/2

[Event "Zonal 2.4 Brasil 2011"]
[Site "Rio de Janeiro BRA"]
[Date "2011.06.26"]
[Round "9.15"]
[White "Pluschkat, Gustavo Ranulpho"]
[Black "Souza, Neves Andrey M"]
[Result "1-0"]
[WhiteElo "1942"]
[BlackElo "2094"]
[PlyCount "101"]
[EventDate "2011.06.18"]
[EventType "swiss"]
[EventRounds "9"]
[EventCountry "BRA"]
[Source "lmi"]
[SourceDate "2011.06.18"]

1. d4 d5 2. g3 Nf6 3. Bg2 c5 4. c3 cxd4 5. cxd4 Nc6 6. Nf3 e6 7. O-O Be7 8. a3
O-O 9. b4 Ne4 10. Bb2 f5 11. Nbd2 Bd7 12. Nb3 b6 13. Nc1 Nd6 14. Nd3 Nc4 15.
Bc1 Bf6 16. e3 Be8 17. Ra2 Bh5 18. Nf4 Bxf3 19. Bxf3 Qd7 20. h4 Ne7 21. b5 a6
22. bxa6 Rxa6 23. Be2 Ra7 24. Qb3 Qc6 25. Rd1 Rfa8 26. Rc2 Ra4 27. Rd3 Kf7 28.
Rdc3 Rc8 29. g4 Bxh4 30. Nd3 Qa8 31. gxf5 exf5 32. Nb4 b5 33. Nd3 Qa6 34. Bh5+
Kg8 35. Nc5 Rxc5 36. dxc5 Qc6 37. Be2 Qxc5 38. Bxc4 dxc4 39. Qb1 Qd5 40. Rd2
Qc5 41. e4 f4 42. Rd8+ Kf7 43. Rf3 g5 44. Be3 Qe5 45. Bd4 Qc7 46. Rh8 Qd7 47.
Rxh7+ Kf8 48. Qd1 Qg4+ 49. Kh2 Rxa3 50. Rxa3 f3 51. Rxf3+ 1-0

[Event "Zonal 2.4 Brasil 2011"]
[Site "Rio de Janeiro BRA"]
[Date "2011.06.26"]
[Round "9.17"]
[White "Miranda Neto, Jayme Amorim"]
[Black "Nery Junior, Jose Antonio"]
[Result "0-1"]
[WhiteElo "2070"]
[BlackElo "2017"]
[PlyCount "96"]
[EventDate "2011.06.18"]
[EventType "swiss"]
[EventRounds "9"]
[EventCountry "BRA"]
[Source "lmi"]
[SourceDate "2011.06.18"]

1. Nf3 Nf6 2. c4 g6 3. g3 Bg7 4. Bg2 c6 5. O-O d5 6. cxd5 cxd5 7. d4 O-O 8. Nc3
Nc6 9. h3 Ne4 10. Be3 Be6 11. Nxe4 dxe4 12. Ng5 Nxd4 13. Bxd4 Bxd4 14. Nxe6
fxe6 15. e3 Bg7 16. Bxe4 Qb6 17. Qd7 Rad8 18. Qxe7 Rf7 19. Qg5 Rd2 20. Rac1
Qxb2 21. Rc8+ Bf8 22. Bxg6 hxg6 23. Qxg6+ Qg7 24. Qxe6 Kh8 25. g4 Kh7 26. Ra8
Rf6 27. Qe4+ Kh8 28. a4 Qf7 29. f4 Rh6 30. Rf2 Rxf2 31. Kxf2 Rxh3 32. Kg2 Rh6
33. Kg3 Rc6 34. g5 Kg8 35. f5 Rc5 36. Qe6 Rxf5 37. g6 Rg5+ 38. Kh4 Rxg6 39.
Qxf7+ Kxf7 40. Rb8 Be7+ 41. Kh3 Rg3+ 42. Kh2 Rxe3 43. Rxb7 a6 44. Ra7 Re6 45.
Kg3 Kf6 46. Kf4 Bb4 47. Rh7 a5 48. Rh1 Ke7 0-1

[Event "Zonal 2.4 Brasil 2011"]
[Site "Rio de Janeiro BRA"]
[Date "2011.06.26"]
[Round "9.18"]
[White "Dos Santos Jr, Braulio"]
[Black "Cuellar, Ulises"]
[Result "1-0"]
[WhiteElo "2016"]
[BlackElo "1994"]
[PlyCount "81"]
[EventDate "2011.06.18"]
[EventType "swiss"]
[EventRounds "9"]
[EventCountry "BRA"]
[Source "lmi"]
[SourceDate "2011.06.18"]

1. e4 e5 2. Nf3 Nc6 3. Bc4 Bc5 4. b4 Bxb4 5. c3 Be7 6. d4 Na5 7. Be2 exd4 8.
Qxd4 d6 9. Qxg7 Bf6 10. Qg3 Qe7 11. O-O Bd7 12. e5 dxe5 13. Ba3 Qe6 14. Ng5 Qf5
15. Bc1 Bxg5 16. Bxg5 f6 17. Bh5+ Kd8 18. Rd1 fxg5 19. Bg4 Qf4 20. Qh3 Nf6 21.
Bxd7 g4 22. Qd3 Ke7 23. Qb5 Rad8 24. g3 Qc4 25. Qxa5 Nxd7 26. Nd2 Qc5 27. Qa4
Nf6 28. Ne4 b5 29. Qc2 Qc6 30. Re1 Rhf8 31. Ng5 Rd5 32. Rad1 Kd8 33. Rxe5 Rxd1+
34. Qxd1+ Kc8 35. Ne6 Re8 36. Nd4 Qd7 37. Rxb5 Ne4 38. Qa4 Nxc3 39. Rb8+ Kxb8
40. Qxd7 Re1+ 41. Kg2 1-0

[Event "Zonal 2.4 Brasil 2011"]
[Site "Rio de Janeiro BRA"]
[Date "2011.06.26"]
[Round "9.19"]
[White "Gonzalez, Bolivar Ribeiro"]
[Black "Pazos, Marco"]
[Result "0-1"]
[WhiteElo "2317"]
[BlackElo "1985"]
[PlyCount "136"]
[EventDate "2011.06.18"]
[EventType "swiss"]
[EventRounds "9"]
[EventCountry "BRA"]
[Source "lmi"]
[SourceDate "2011.06.18"]

1. e4 e6 2. d4 d5 3. Nc3 Bb4 4. e5 c5 5. a3 Bxc3+ 6. bxc3 Qc7 7. Nf3 f5 8. a4
Nc6 9. Bb5 Bd7 10. O-O a6 11. Be2 O-O-O 12. Ba3 c4 13. Bd6 Qa5 14. Ra3 Nh6 15.
Qb1 Rdg8 16. Nd2 Nf7 17. Bc5 Qc7 18. Bb6 Qb8 19. Re1 h5 20. Qc1 g5 21. Ra2 Ncd8
22. Qa3 Bc6 23. Qe7 g4 24. Rb1 Ng5 25. Bxd8 Rh7 26. Qc5 Rxd8 27. Rb6 Qc7 28.
Qb4 Kd7 29. Rb2 Ke8 30. Nb1 Kf7 31. a5 Kg8 32. Nd2 Rg7 33. Rb1 Rf8 34. f4 gxf3
35. Nxf3 Nh3+ 36. Kf1 Nf4 37. Ne1 Qd8 38. Bf3 Qh4 39. h3 Qg3 40. Qb2 Qh4 41.
Qc1 Kh7 42. Qe3 Rfg8 43. Qf2 Qg5 44. h4 Qe7 45. R1b4 Ng6 46. Bxh5 Nxh4 47. Bf3
Rg3 48. Rb1 R8g7 49. Rxc6 bxc6 50. Rb6 Nxf3 51. Nxf3 Rxg2 52. Qe1 Rxc2 53. Rxc6
Rg4 54. Qb1 Rxc3 55. Qb6 Rxf3+ 56. Ke2 Rf2+ 57. Ke1 Re4+ 58. Kd1 Rf1+ 59. Kd2
Qg5+ 60. Kc3 Qe3+ 61. Kb4 Rb1+ 62. Kc5 Qxd4+ 63. Kd6 Qxe5+ 64. Kd7 Rxb6 65.
axb6 Rg4 66. Rc7 Rg7+ 67. Kc6 Rxc7+ 68. bxc7 Qxc7+ 0-1

[Event "Zonal 2.4 Brasil 2011"]
[Site "Rio de Janeiro BRA"]
[Date "2011.06.26"]
[Round "9.20"]
[White "Abdalla, Luiz Guilherme Aure"]
[Black "Da Silva, Wagner Jose"]
[Result "1/2-1/2"]
[WhiteElo "2289"]
[BlackElo "1828"]
[PlyCount "88"]
[EventDate "2011.06.18"]
[EventType "swiss"]
[EventRounds "9"]
[EventCountry "BRA"]
[Source "lmi"]
[SourceDate "2011.06.18"]

1. d4 e6 2. c4 f5 3. Nc3 Nf6 4. g3 Be7 5. Bg2 c6 6. Nh3 d5 7. O-O O-O 8. f3 c5
9. cxd5 cxd4 10. Qxd4 b6 11. Qf2 e5 12. Rd1 Bd6 13. Qe1 e4 14. Bf4 Bc5+ 15. Kh1
h6 16. Nf2 g5 17. Be5 Nbd7 18. Bd4 Bxd4 19. Rxd4 Re8 20. fxe4 f4 21. gxf4 gxf4
22. Qd2 Nh5 23. Bf3 Ndf6 24. Rg1+ Kh8 25. e3 Qd6 26. Nd3 Bb7 27. exf4 Rg8 28.
Rxg8+ Rxg8 29. e5 Qe6 30. f5 Qxf5 31. Qxh6+ Nh7 32. Qxh5 Rg5 33. Qe8+ Rg8 34.
Qh5 Rg5 35. Rf4 Rxh5 36. Rxf5 Rxf5 37. Be4 Rh5 38. d6 Bxe4+ 39. Nxe4 Nf8 40.
Nf6 Rh4 41. Kg2 Rd4 42. Nf2 Rd2 43. Kf3 Rxb2 44. Nd3 Rxa2 1/2-1/2

[Event "Zonal 2.4 Brasil 2011"]
[Site "Rio de Janeiro BRA"]
[Date "2011.06.26"]
[Round "9.21"]
[White "Bil, Angelo"]
[Black "Suasnabar, Jesus"]
[Result "1/2-1/2"]
[WhiteElo "2104"]
[BlackElo "1983"]
[PlyCount "145"]
[EventDate "2011.06.18"]
[EventType "swiss"]
[EventRounds "9"]
[EventCountry "BRA"]
[Source "lmi"]
[SourceDate "2011.06.18"]

1. e4 c5 2. Nf3 Nc6 3. d4 cxd4 4. Nxd4 Nf6 5. Nc3 Qc7 6. Be3 a6 7. f3 e6 8. Qd2
Bb4 9. O-O-O Ne5 10. Kb1 d5 11. exd5 Bxc3 12. Qxc3 Qxc3 13. bxc3 Nxd5 14. Bd2
Bd7 15. Re1 Ng6 16. c4 Nde7 17. h4 Nc6 18. h5 Nge7 19. Nb3 O-O 20. g4 h6 21.
Bd3 a5 22. a3 b6 23. g5 hxg5 24. Bxg5 f6 25. Bd2 a4 26. Nc1 Ne5 27. Be4 Bc6 28.
Bb4 Bxe4 29. Rxe4 Rf7 30. f4 Nd7 31. Rxe6 Nf5 32. Ne2 Rc8 33. Nc3 Rxc4 34. Nxa4
Nd4 35. Rd6 Nxc2 36. Nb2 Nxa3+ 37. Bxa3 Rxf4 38. Nd3 Rf5 39. Kc2 Kh7 40. Kc3
Re7 41. Rd4 Nc5 42. Rh3 Re2 43. Rg4 Nxd3 44. Kxd3 Ree5 45. Rhg3 Rg5 46. Rxg5
Rxg5 47. Rh3 Kg8 48. Kd4 Kf7 49. h6 gxh6 50. Rxh6 Ke6 51. Kc4 b5+ 52. Kb4 Rf5
53. Bb2 Kf7 54. Rh4 Kg6 55. Bd4 Kg5 56. Rh1 Kg4 57. Bc5 Rf4+ 58. Kxb5 f5 59.
Kc6 Re4 60. Kd5 Kg5 61. Rg1+ Kh5 62. Bd4 Kh4 63. Bf6+ Kh3 64. Rg5 Ra4 65. Bd4
f4 66. Be5 Kh4 67. Rg8 Kh3 68. Bc7 Kh2 69. Ke6 Rc4 70. Bb8 Rb4 71. Ba7 f3 72.
Kf5 Rb2 73. Rh8+ 1/2-1/2